| 000 | 00366nam a2200133Ia 4500 | ||
|---|---|---|---|
| 999 |
_c20302 _d20302 |
||
| 082 | _aRR.002; | ||
| 100 | _aRastogi, S.R. | ||
| 245 | 0 | _aSocio-economic dimensions of rural-urban migration in Uttar Pradesh | |
| 260 | _c1986 | ||
| 300 | _a120p. | ||
| 650 | _aRURAL URBAN MIGRATION - UTTAR PRADESH | ||
| 710 | _aPopulation Research Centre, Lucknow | ||
| 942 |
_cRP _2ddc |
||